24 Quiz Stats

Quiz not verified by Sporcle

Challenge
Share
Tweet
Embed
Score 0/40 Timer 10:00
0 Plays Today
Hint Answer % Correct
Alexis Drazen
90.9%
Andre Drazen
90.9%
Victor Drazen
90.9%
Nina Myers
81.8%
Nina Myers
81.8%
Ramon Salazar
63.6%
Hector Salazar
63.6%
Habib Marwan
63.6%
Charles Logan
63.6%
Ira Gaines
54.5%
Stephen Saunders
54.5%
Graem Bauer
54.5%
Phillip Bauer
54.5%
Syed Ali
45.5%
Marie Warner
45.5%
Navi Araz
45.5%
Tony Almeida
45.5%
Michael Amador
36.4%
Mandy
36.4%
Walt Cummings
36.4%
Hint Answer % Correct
Vladimir Bierko
36.4%
Christopher Henderson
36.4%
James Nathanson
36.4%
Abu Fayed
36.4%
Max
27.3%
Peter Kingsley
27.3%
Benjamin Juma
27.3%
Yuri Suvarov
27.3%
Marcus Alvers
18.2%
Mitch Anderson
18.2%
Marianne Taylor
18.2%
Cheng Zhi
18.2%
Ike Dubaku
18.2%
Dimitri Gredenko
18.2%
Alan Wilson
18.2%
Samir Mehran
18.2%
Jonas Hodges
18.2%
Mikhail Novakovich
18.2%
Sergei Bazhaev
9.1%
Pavel Tokarov
0%

You're not logged in!

Compare scores with friends on all Sporcle quizzes.
Join for Free
OR
Log In

You Might Also Like...

Show Comments

Extras

Created Aug 3, 2015ReportNominate
Tags:Clickable Quiz, five, Top Five

Top Quizzes Today


Score Distribution

Your Account Isn't Verified!

In order to create a playlist on Sporcle, you need to verify the email address you used during registration. Go to your Sporcle Settings to finish the process.

Report this User

Report this user for behavior that violates our Community Guidelines.

Details: